Transistor circuit design (Record no. 23504)

000 -LEADER
fixed length control field 00584nam a22002171 4500
001 - CONTROL NUMBER
control field 23504
003 - CONTROL NUMBER IDENTIFIER
control field BD-DhUET
008 - FIXED-LENGTH DATA ELEMENTS--GENERAL INFORMATION
fixed length control field 721219s1963 nyua b 000 0 eng
040 ## - CATALOGING SOURCE
Original cataloging agency DLC
Transcribing agency DLC
Modifying agency BD-DhUET
082 ## - DEWEY DECIMAL CLASSIFICATION NUMBER
Classification number 623.8151
Item number TEX/1963
110 ## - MAIN ENTRY--CORPORATE NAME
Corporate name or jurisdiction name as entry element Texas Instruments Incorporated
245 10 - TITLE STATEMENT
Title Transistor circuit design
250 ## - EDITION STATEMENT
Edition statement 1st ed.
260 ## - PUBLICATION, DISTRIBUTION, ETC. (IMPRINT)
Place of publication, distribution, etc. New York
Name of publisher, distributor, etc. McGraw-Hill
Date of publication, distribution, etc. 1963
300 ## - PHYSICAL DESCRIPTION
Extent xi, 523 p.
Other physical details ill.
Dimensions 26 cm.
504 ## - BIBLIOGRAPHY, ETC. NOTE
Bibliography, etc Includes bibliographies
650 #0 - SUBJECT ADDED ENTRY--TOPICAL TERM
Topical term or geographic name as entry element Transistor : Electronics
700 ## - ADDED ENTRY--PERSONAL NAME
Personal name Walston, Joseph A.
700 ## - ADDED ENTRY--PERSONAL NAME
Personal name Miller, John R.
942 ## - ADDED ENTRY ELEMENTS (KOHA)
Koha item type Corporate Publication
Holdings
Koha item type Koha date last seen Not for loan Piece designation (barcode) Location (home branch) Shelving location Koha normalized classification for sorting Lost status Sublocation or collection (holding branch) Withdrawn status Price effective from Source of classification or shelving scheme Date acquired Copy number Damaged status Koha full call number
Corporate Publication2015-05-04 30610Central Library, BUETCirculation section623_815100000000000_TEX_1963 Central Library, BUET 2015-05-04 2015-05-041 623.8151/TEX/1963
Corporate Publication2015-05-04 30607Central Library, BUETCirculation section623_815100000000000_TEX_1963 Central Library, BUET 2015-05-04 2015-05-042 623.8151/TEX/1963
Corporate Publication2015-05-04 30612Central Library, BUETCirculation section623_815100000000000_TEX_1963 Central Library, BUET 2015-05-04 2015-05-043 623.8151/TEX/1963
Corporate Publication2015-05-04 30613Central Library, BUETCirculation section623_815100000000000_TEX_1963 Central Library, BUET 2015-05-04 2015-05-044 623.8151/TEX/1963
Corporate Publication2015-05-04 26687Central Library, BUETCirculation section623_815100000000000_TEX_1963 Central Library, BUET 2015-05-04 2015-05-045 623.8151/TEX/1963
Corporate Publication2015-05-07 30608Central Library, BUETCirculation section623_815100000000000_TEX_1963 Central Library, BUET 2015-05-07 2015-05-076 623.8151/TEX/1963
Corporate Publication2015-05-07 30606Central Library, BUETCirculation section623_815100000000000_TEX_1963 Central Library, BUET 2015-05-07 2015-05-077 623.8151/TEX/1963
Corporate Publication2015-05-07 30609Central Library, BUETCirculation section623_815100000000000_TEX_1963 Central Library, BUET 2015-05-07 2015-05-078 623.8151/TEX/1963
Corporate Publication2015-06-25 30604Central Library, BUETReading section623_815100000000000_TEX_1963 Central Library, BUET 2015-06-25 2015-06-259 623.8151/TEX/1963
Corporate Publication2015-06-25 9968Central Library, BUETReading section623_815100000000000_TEX_1963 Central Library, BUET 2015-06-25 2015-06-2510 623.8151/TEX/1963
Corporate Publication2015-06-25 30605Central Library, BUETReading section623_815100000000000_TEX_1963 Central Library, BUET 2015-06-25 2015-06-2511 623.8151/TEX/1963